Egykoron raktáros is volt a lelkész lassan megerősödik a vásárhelyi unitárius közösség - tíz évig vezető nélkül /
Elmentve itt :
| Szerző: | |
|---|---|
| Dokumentumtípus: | Cikk |
| Megjelent: |
2005-06-03
|
| Sorozat: | Délmagyarország
95 No. 128 |
| Kulcsszavak: | Kiss Mihály, Hódmezővásárhely, Egyház unitárius Hódmezővásárhely |
| Online Access: | http://dmarchiv.bibl.u-szeged.hu/134792 |
| LEADER | 00610nab a2200157 i 4500 | ||
|---|---|---|---|
| 001 | delm134792 | ||
| 005 | 20191204123550.0 | ||
| 008 | 191204s2005 hu o 0|| hun d | ||
| 040 | |a SZTE Délmagyarország Archívum |b hun | ||
| 041 | |a hun | ||
| 100 | 1 | |a Kormos Tamás | |
| 245 | 1 | 0 | |a Egykoron raktáros is volt a lelkész |h [elektronikus dokumentum] : |b lassan megerősödik a vásárhelyi unitárius közösség - tíz évig vezető nélkül / |c Kormos Tamás |
| 260 | |c 2005-06-03 | ||
| 300 | |a 8 | ||
| 490 | 0 | |a Délmagyarország |v 95 No. 128 | |
| 695 | |a Kiss Mihály, Hódmezővásárhely, Egyház unitárius Hódmezővásárhely | ||